000 00950cam a2200229 4500
001 ABS63820
008 000000n2001 000 0 eng u
035 _a(Sirsi) u112126
245 _aRegulations - The A-N guide to the great building rules shake-up
260 _c2001
490 _aBuilding
_vMarch 2001, (40) LOAN
520 _aDescribes the latest updates, changes and revisions to the Building Regulations. Includes sections on fire safety, conservation of fuel and power and access for disabled people. Summarises the building regulations that have not changed.
590 _aABS
650 _aBUILDING REGULATIONS
_96224
650 _aMANAGEMENT-HEALTH AND SAFETY-FIRE SAFETY
650 _aVENTILATION
650 _aFUEL CONSERVATION
650 _aMANAGEMENT-BUSINESS MANAGEMENT-DISCRIMINATION-DISABILITY DISCRIMINATION-ACCESSIBILITY
650 _aWASTE DISPOSAL
690 _aBUILT ENVIRONMENT-BUILDING STANDARDS
942 _n0
999 _c66776
_d66776